000 00682nam a22001817a 4500
999 _c371438
_d371438
008 201127b ||||| |||| 00| 0 eng d
040 _aDE-2950
_bger
_cDE-2950
_erda
041 _ager
245 _aOB für Testpflicht.
_bCorona: Frankfurt fordert weiterhin eine Aussetzung der einrichtungsbezogenen Impfpflicht und schlägt eine Alternative vor /
_cthg.
264 _c2022
653 _aFrankfurt (Oder)
653 _aPandemie / Coron
773 _dFrankfurt (Oder) Märkisches Verlags- und Druckhaus GmbH & Co KG
_tMärkische Oderzeitung
_g33. Jahrgang (2022) Nr. 40 vom 17.02.2022, S. 15
942 _cA